[Event "Warsaw"]
[Site "Warsaw"]
[Date "1990.??.??"]
[Round "2"]
[White "Hansen, Lars Bo"]
[Black "Jasnikowski, Zbigniew"]
[Result "1-0"]
[WhiteElo "2460"]
[BlackElo "2445"]
[Annotator "Ftacnik,L"]
[PlyCount "115"]
[EventDate "1990.01.??"]
[EventType "tourn"]
[EventRounds "13"]
[EventCountry "POL"]
[EventCategory "9"]
[SourceTitle "CBM 017"]
[Source "ChessBase"]
[SourceDate "1990.08.01"]
[SourceVersion "1"]
[SourceVersionDate "1990.08.01"]
[SourceQuality "1"]

1. d4 Nf6 2. c4 g6 3. Nc3 d5 4. cxd5 Nxd5 5. e4 Nxc3 6. bxc3 Bg7 7. Bc4 c5 8.
Ne2 O-O 9. Be3 Nc6 10. O-O Bg4 11. f3 Na5 12. Bxf7+ Rxf7 13. fxg4 Rxf1+ 14.
Kxf1 Qd6 15. e5 Qd5 16. Bf2 Rd8 17. Qc2 Qc4 18. Qb2 Rf8 19. Kg1 Bh6 20. Rd1 Qe6
{N} (20... cxd4 21. cxd4 Rc8 22. d5 $1 Qa4 23. Qb1 $16) (20... Qa4 21. Re1 cxd4
22. Nxd4 Qc4 23. h3 b6 24. Nf3 Rd8 $14 {Ljubojevic,L-Timman,J/Linares/1989/ ->
CBM 11}) 21. h3 Nc4 22. Qxb7 Be3 23. Bxe3 Nxe3 24. Rd3 Qf7 25. Qf3 $1 Qxf3 26.
gxf3 Rxf3 27. dxc5 Rf1+ 28. Kh2 Rf2+ 29. Kg3 Rxe2 30. Kf3 (30. c6 Nc4 31. c7
Nb6 32. Rd8+ Kf7 33. c8=Q Nxc8 34. Rxc8 Rxe5 $10) 30... Rxa2 31. Kxe3 $16 Kf7
32. Rd4 Ra6 33. Rc4 Ke8 34. g5 $1 Kd7 35. Rh4 Re6 36. Kd4 a5 37. Rxh7 a4 38.
Rf7 a3 39. Rf2 Ra6 40. Ra2 Ra4+ 41. Kd3 Kc6 42. Kc2 Kxc5 43. Kb3 Re4 44. Rxa3
Kb5 45. Ra8 Rxe5 46. h4 Re4 47. Rg8 Rxh4 48. Rxg6 Rg4 49. Rg8 Kc6 50. g6 Kd7
51. c4 Rg3+ 52. Kb4 Rg1 53. c5 Rb1+ 54. Kc4 Rc1+ 55. Kd4 Rd1+ 56. Ke3 Ke6 57.
c6 Rc1 58. Rf8 {Ftacnik,L} 1-0

[Event "NED-ch45"]
[Site "Hilversum"]
[Date "1990.06.13"]
[Round "3"]
[White "Blees, Albert"]
[Black "De Boer, Gert Jan"]
[Result "1/2-1/2"]
[WhiteElo "2400"]
[BlackElo "2375"]
[Annotator "Ftacnik,L"]
[PlyCount "69"]
[EventDate "1990.06.11"]
[EventType "tourn"]
[EventRounds "11"]
[EventCountry "NED"]
[EventCategory "9"]
[SourceTitle "CBM 019"]
[Source "ChessBase"]
[SourceDate "1990.12.01"]
[SourceVersion "1"]
[SourceVersionDate "1990.12.01"]
[SourceQuality "1"]

1. d4 Nf6 2. c4 g6 3. Nc3 d5 4. cxd5 Nxd5 5. e4 Nxc3 6. bxc3 Bg7 7. Bc4 O-O 8.
Be3 c5 9. Ne2 Nc6 10. O-O Bg4 11. d5 Na5 12. Bb5 {N} (12. Bd3 c4 13. Bc2 Bxc3
14. Rb1 Bg7 15. f3 Bd7 16. f4 b5 17. e5 $146 {Polugajevskij-Timman/Breda m/6/
1979/}) 12... a6 13. Bd3 Rc8 (13... c4 14. Bc2 Bxc3 15. Rb1 Bg7 $2 16. Bb6 $18)
14. h3 Bd7 (14... Bxe2 15. Qxe2 Bxc3 16. Rac1 Bd4 17. Bxd4 cxd4 18. Qb2 $36)
15. Rc1 e5 (15... e6 16. c4 b5 $5) 16. f4 (16. c4 b5 17. cxb5 c4 18. Bc2 axb5)
16... exf4 17. Nxf4 (17. Bxf4 Qe7 18. Qe1 Be5) 17... b5 18. Qf3 Qe7 19. Qf2 c4
(19... Nb7 $5) 20. Bb1 Nb7 21. Rfe1 Be5 22. Ne2 Nc5 23. Nd4 Na4 24. Bh6 (24.
Bd2 Rfe8 25. Nf3) 24... Rfe8 25. Rf1 f6 26. Be3 (26. Bd2 $5) 26... Qd6 27. Kh1
a5 $1 28. Qe2 Qa3 (28... b4 29. cxb4 axb4 30. Rxc4 Nc3 31. Qd3) 29. Bd2 b4 30.
Nf3 Nxc3 (30... bxc3 31. Be3 Bd6 32. Bd4 $36) (30... Bxc3 $5 31. Qf2 {/\ Nd4|^}
) 31. Qf2 Bd6 (31... Nxb1 32. Nxe5 Nxd2 33. Nxd7 Nxe4 34. Nxf6+ Nxf6 35. Qxf6
$44) 32. Bxc3 bxc3 33. Qd4 Kg7 34. Rxc3 Qc5 35. Qd2 $13 {Ftacnik,L} 1/2-1/2

[Event "Sochi Chigorin Memorial"]
[Site "Sochi"]
[Date "1990.??.??"]
[Round "?"]
[White "Douven, Rudy C"]
[Black "Beshukov, Sergei"]
[Result "1-0"]
[WhiteElo "2410"]
[BlackElo "2335"]
[Annotator "Ftacnik,L"]
[PlyCount "45"]
[EventDate "1990.10.??"]
[EventType "tourn"]
[EventRounds "11"]
[EventCountry "URS"]
[EventCategory "7"]
[SourceTitle "CBM 021"]
[Source "ChessBase"]
[SourceDate "1991.04.01"]
[SourceVersion "1"]
[SourceVersionDate "1991.04.01"]
[SourceQuality "1"]

1. d4 Nf6 2. c4 g6 3. Nc3 d5 4. cxd5 Nxd5 5. e4 Nxc3 6. bxc3 Bg7 7. Bc4 c5 8.
Ne2 O-O 9. O-O Nc6 10. Be3 Qc7 11. Rc1 Rd8 12. Nf4 $5 e6 (12... cxd4 $5 13.
cxd4 (13. Nd5 $6 Rxd5 $1 14. exd5 Ne5 15. cxd4 Nxc4 16. Qb3 b5 17. Qxb5 Nd6 $1)
13... Bxd4 14. Nd5 (14. Bxd4 Qxf4) (14. Nxg6 hxg6 15. Bxd4 e5 $1) 14... Qe5 15.
Bxd4 (15. Bf4 Qh5 $13) 15... Qxd4 (15... Nxd4 $2 16. f4 Qxe4 17. Re1 $18) 16.
Qxd4 Nxd4 17. Nxe7+ Kf8 18. Nd5 Be6 $10) 13. d5 Na5 (13... e5 14. Ne2 Na5 15.
Bd3 $13) 14. Qe2 Qe5 $2 (14... e5 15. d6 $1 Rxd6 (15... Qxd6 16. Rcd1 $1 Qf8
17. Bxc5 Qxc5 18. Rxd8+ Bf8 19. Bxf7+ Kxf7 20. Nd5 Nc6 21. Qf3+ Kg8 22. Nf6+
Kh8 23. Nd7 Bxd7 24. Rxa8 $40) 16. Nd5 Qd8 17. Bxc5 Nxc4 18. Qxc4 Rc6 19. Qb4
$16) (14... Nxc4 15. Qxc4 e5 $13) 15. dxe6 fxe6 16. Rfd1 $1 Rf8 (16... Bd7 17.
Rxd7 $1 Rxd7 18. Bxe6+) (16... Rxd1+ 17. Rxd1 Nxc4 18. Rd8+ Kf7 19. Qxc4 Qxc3
20. Qxc3 Bxc3 21. Bxc5 $16) 17. Nh3 $5 Qxe4 (17... Nxc4 18. Qxc4 b6 19. f4 $16)
18. Bd3 Qc6 (18... Qe5 19. Ng5 $40) 19. Ng5 c4 (19... Bd7 20. Nxh7 Kxh7 21.
Qh5+ Kg8 22. Bxg6 Rf6 23. Qh7+ Kf8 24. Bh6 (24. Rxd7 Rxg6 $1) 24... Rxg6 $8 25.
Qxg6 Bxh6 26. Qxh6+ $18) 20. Be4 Qb5 21. Qg4 h5 (21... e5 22. Qh4 h6 23. Bd5+
$18) 22. Qh4 Qe8 (22... Rf6 23. Rd8+ $18) 23. Nh7 $1 {Ftacnik,L} (23. Nh7 $1
Kxh7 (23... Rf5 24. Rd8) 24. Qxh5+ Kg8 25. Bxg6 $18) 1-0

[Event "EU-ch 8th"]
[Site "Dresden"]
[Date "2007.04.12"]
[Round "9"]
[White "Kobalia, Mihail"]
[Black "Ftacnik, Lubomir"]
[Result "0-1"]
[WhiteElo "2639"]
[BlackElo "2573"]
[Annotator "Ftacnik,L"]
[PlyCount "94"]
[EventDate "2007.04.03"]
[EventType "swiss"]
[EventRounds "11"]
[EventCountry "GER"]
[SourceTitle "CBM 118"]
[Source "ChessBase"]
[SourceDate "2007.05.31"]
[SourceVersion "1"]
[SourceVersionDate "2007.05.31"]
[SourceQuality "1"]

1. d4 Nf6 2. c4 g6 3. Nc3 d5 4. cxd5 Nxd5 5. e4 Nxc3 6. bxc3 Bg7 7. Bc4 c5 8.
Ne2 O-O 9. O-O Nc6 10. Be3 Bd7 11. Bd3 {The first shock in the game, since
Kobalia could have chosen between both queen and king opening moves. He played
confidently up till now, but after 10...Bd7 fell into deep thought. Most
likely the Russian GM forgot to prepare for the modern Svidler variation.} cxd4
12. cxd4 Nb4 13. Bc4 (13. Rb1 Nxd3 14. Qxd3 a6 15. Nc3 b5 $11) 13... b5 (13...
Rc8 14. Rc1 (14. Bb3 Bb5 $15) 14... Qa5 15. Qd2 b5 16. Bb3 Nc6 $11) 14. Bb3 Nc6
15. Rc1 (15. d5 Na5 16. Nd4 Nc4 17. Bxc4 bxc4 18. Qc2 Rc8 $11) 15... Na5 (15...
Rc8 16. d5 Na5 17. Rxc8 Qxc8 18. Bxa7 $14) 16. Bd5 $2 {I have to admit to have
been very pleased by this clumsy reaction of my opponent. The only way how to
honour the logic of the position was the pawn advance 16.d5! and Black still
has to fight for equality.} (16. d5 $1 Nxb3 17. Qxb3 Qa5 18. Nd4 Rac8 19. Nc6
Bxc6 20. Rxc6 (20. dxc6 Qa6 $11) 20... Rxc6 21. dxc6 Rc8 22. Qd5 Qc7 23. Rc1
Bb2 $13) 16... Rc8 17. Rxc8 (17. Qd3 e6 18. Bb3 Nxb3 19. axb3 a5 $11) 17...
Bxc8 (17... Qxc8 18. e5 (18. Qd3 Qa6 19. Rc1 Nc4 $15) 18... e6 19. Be4 Bc6 20.
Ng3 $11) 18. a3 (18. Bg5 Qd7 19. Qd2 Nc4 20. Qb4 e6 21. Bxc4 bxc4 22. Qxc4 Bb7
$15) 18... e6 19. Ba2 Bb7 20. f3 (20. Qd3 Nc4 21. Bxc4 bxc4 22. Qc2 Qc7 23. Rc1
Rd8 $15) 20... Qd6 {The tables have turned and the first player is struggling
with problems. In the interest of the white-squared bishop's survival he has
used many moves and created the weakness a3.} 21. Qc1 (21. Qd3 Rc8 (21... Ba6
22. Qc3 Nc4 23. Bf4 Qb6 $15) 22. Rc1 Rxc1+ 23. Nxc1 Ba6 24. d5 b4 25. Qd2 exd5
26. Bxd5 Nc4 27. Bxc4 Qxd2 28. Bxd2 Bxc4 29. axb4 Bd4+ 30. Kh1 Kg7 $15) 21...
Rc8 22. Qb2 Ba6 23. e5 (23. Rc1 Rxc1+ 24. Qxc1 b4 (24... Nc4 25. Bxc4 bxc4 $15)
25. e5 Qe7) 23... Qe7 {It was not easy for me to choose to move he knight to
the c4-square. In the event of such a plan the queen would have been better on
c7.} (23... Qc7 $5 24. Rc1 Nc4 25. Bxc4 bxc4 26. Nc3 Rb8 27. Qd2 Rb3 $15) 24.
Rc1 Rxc1+ 25. Qxc1 (25. Bxc1 Qb7 26. Nc3 Qb6 27. Qf2 Nc6 28. d5 Qxf2+ 29. Kxf2
Nxe5 30. dxe6 fxe6 31. Bxe6+ Kf8 $15) 25... b4 (25... Nc4 26. Bxc4 bxc4 27. Bg5
Qc7 28. Nc3 Bf8 29. Ne4 $132) 26. axb4 Qxb4 27. Kf2 $2 {[%mdl 32] The striving
to move the king towards the centre in the light of impending ending was in
principle laudable. On the other hand much more unpleasant for Black would
have been the improvement of the position of the modest knight on e2 with the
idea of kingside counterplay.} (27. Nc3 $1 Nc4 28. Bf2 (28. Bxc4 Qxc4 29. Ne4
Qxc1+ 30. Bxc1 Bb5 31. Nf6+ Kh8 32. Bd2 $15) 28... Nb2 29. Ne4 Nd3 30. Qb1
Qxb1+ 31. Bxb1 Nxf2 32. Kxf2 Bc4 33. Nd6 Bb3 34. Ke2 $11) 27... Nc4 28. Qc3 (
28. Nc3 $2 Nxe3 29. Kxe3 Bh6+ 30. f4 Bb7 $17) (28. Qb1 Qxb1 29. Bxb1 Nxe3 30.
Kxe3 Bh6+ $15) 28... Nb2 (28... Qb5 29. Bxc4 Qxc4 30. Qb2 Bf8 $15) 29. Bb3 {
Defence is usually not an easy task for any mortal being. Choosing between
different types of evils seems to be too challenging...} (29. Qxb4 $5 Nd3+ 30.
Kf1 Nxb4 31. Bb1 f6 32. exf6 Bxf6 33. Kf2 Nd5 $15) 29... Nd3+ 30. Kg1 (30. Kg3
Qxc3 31. Nxc3 Nxe5 32. dxe5 Bxe5+ 33. Kf2 Bxc3 34. Bxa7 Kg7 $17) 30... Qb5 31.
Ng3 h5 $1 {Black pieces are eyeing the f1-square and the knight from d3 could
even move to e5.} 32. Bc2 (32. Ne4 Nxe5 33. h4 Nc6 $17) (32. h4 Nxe5 33. dxe5
Bxe5 34. Qc5 Bxg3 35. Qxb5 Bxb5 36. Bxa7 Bxh4 $19) (32. h3 Nxe5 33. dxe5 Bxe5
34. Qc5 Bxg3 35. Qxb5 Bxb5 36. Bxa7 h4 $17) 32... Nb4 33. h4 (33. Be4 $2 h4 $19
) 33... Nd5 34. Qd2 Nxe3 35. Qxe3 Qb2 36. Bb3 $2 (36. Qe4 Bc4 37. Kh2 Bd5 38.
Qd3 a5 $17) 36... Bh6 $1 {This fine move indicates, that White is fighting a
lost battle. The tactical blow forces him into the undesirable advance of the
f-pawn and the creation of yet another weakness.} 37. f4 (37. Qxh6 Qxd4+ 38.
Kh1 Qxh4+ 39. Kg1 Qxg3 40. Qe3 h4 41. Qxa7 h3 42. Qa8+ Kg7 43. f4 hxg2 44. Qxa6
Qh3 $19) 37... Bb7 (37... Bxf4 38. Qxf4 Bb7 $1 (38... Qxb3 39. Ne4 $132) 39. d5
Qxb3 40. Ne4 exd5 41. Nf6+ $132) 38. Ne2 a5 39. Kh2 (39. Qd3 Kh7 40. g3 Bf8 $19
) 39... Qa3 (39... Ba6 40. Ng3 Bb5 $1 (40... Qa3 41. Qf3 Kg7 $19) 41. d5 a4 42.
Bxa4 Bxa4 43. dxe6 fxe6 44. Qd3 Bc2 $19) 40. Qg3 Kf8 {The very last move
before the time control is somewhat inexact. I really did not want to spoil
the excellent position by making possible some real counterplay.} (40... Ba6
41. d5 Bxe2 42. dxe6 Kf8 43. exf7 Bg4 $19) 41. Bc4 Qb2 42. Qd3 (42. Qc3 Bxf4+
$19) 42... a4 (42... Kg7 43. Bb5 Qb4 $17) 43. Kg3 (43. Bxe6 $1 fxe6 44. Qxg6
Bg7 45. Qxe6 Qxe2 46. Qd6+ Kg8 47. Qb8+ Bf8 48. Qxb7 Qf2 49. Qd5+ Kh8 50. Qf7
Qxh4+ 51. Kg1 Be7 $17) 43... a3 44. Qc3 Be4 $1 {Kobalia is resisting the
advance of the a3 pawn with all his might, but the fight is really over.} 45.
Qa5 (45. Qe3 Bd5 46. Bxd5 exd5 47. Nc1 a2 $19) 45... Kg8 46. Kf2 Bf8 (46... Bd3
$1 47. Bxd3 a2 48. Qa8+ Bf8 $19) (46... Bxf4 47. Qd8+ Kh7 48. Qf6 Bh6 49. Qxf7+
Bg7 50. Bxe6 Bd3 51. Qf3 Bxe2 52. Qxe2 Qxd4+ $19) 47. g3 (47. Ke3 Bxg2 $19)
47... Bd3 $1 {The last witty blow. White does not have a trace of counterplay
while the pawn will run to the a1 square.} 0-1

[Event "Belgrade GMA op"]
[Site "Belgrade"]
[Date "1988.??.??"]
[Round "?"]
[White "Naumkin, Igor"]
[Black "Ftacnik, Lubomir"]
[Result "1-0"]
[WhiteElo "2440"]
[BlackElo "2590"]
[Annotator "Ftacnik,L"]
[PlyCount "85"]
[EventDate "1988.12.??"]
[EventType "swiss"]
[EventRounds "9"]
[EventCountry "YUG"]
[SourceTitle "TD"]
[Source "ChessBase"]
[SourceDate "1994.03.01"]
[SourceVersion "1"]
[SourceVersionDate "1994.03.01"]
[SourceQuality "1"]

1. d4 Nf6 2. c4 g6 3. Nc3 d5 4. cxd5 Nxd5 5. e4 Nxc3 6. bxc3 Bg7 7. Bc4 c5 8.
Ne2 O-O 9. O-O Nc6 10. Be3 Bg4 11. f3 Bd7 12. Rc1 Rc8 13. d5 (13. Qd2) 13...
Na5 $1 14. Bd3 e5 15. f4 (15. c4 $5 b6 16. Bd2 Nb7 17. Bc3 Nd6 $14) 15... exf4
16. Bxf4 Qe7 17. Qd2 $6 (17. Qe1) 17... b5 18. Qe3 Be5 19. Qg3 f6 20. Rf3 Nb7
21. Rcf1 Nd6 22. h3 $6 (22. Bxe5 $1 fxe5 (22... Qxe5 $2 23. Rxf6) 23. Rxf8+
Rxf8 24. Rxf8+ Kxf8 25. Qf2+ Nf7 26. c4 $1 $14 {xc5}) 22... Nf7 23. Qf2 a5 $36
24. Bc2 Kg7 25. Kh1 b4 (25... Bxf4 26. Nxf4 Ne5 27. Rg3 Kh8 $13) 26. cxb4 axb4
(26... cxb4 27. Bd3) 27. a3 $1 Bb5 (27... bxa3 $5 28. Rxa3 Ra8 $13) 28. axb4
cxb4 $2 (28... Bxe2 $1 29. Qxe2 cxb4 $10) 29. Bd3 $1 Bxd3 30. Rxd3 Rc2 31. Qe3
Nd6 $6 (31... Ra8 32. Nd4 $16) (31... Rc4 32. Nd4 $16) 32. Bh6+ Kg8 33. Bxf8
Kxf8 34. Nd4 Rc4 35. Re1 $1 (35. Nc6 $6 Qe8 36. Qa7 (36. Nxe5 Qxe5 $13) 36...
Nxe4 $13) 35... Bxd4 (35... Kg8 36. Nc6 Qe8 37. Qf3 $16) 36. Rxd4 Nf5 37. Rxc4
$1 (37. d6 $2 Qe5 $1 38. Rxc4 Nxe3 39. Rc8+ Kg7 40. d7 Qxe4 $1 41. Rxe3 Qxe3
42. d8=Q Qe1+ $10) 37... Nxe3 38. Rxe3 Qa7 39. Re1 b3 40. d6 $1 Qa5 (40... Qd7
41. Rd1 b2 42. Rb4) 41. Rd1 b2 42. Rc8+ Kf7 43. d7 1-0

[Event "Sochi-A"]
[Site "Sochi"]
[Date "1989.??.??"]
[Round "?"]
[White "Vyzmanavin, Alexey"]
[Black "Chiburdanidze, Maia"]
[Result "1-0"]
[WhiteElo "2555"]
[BlackElo "2495"]
[Annotator "Ftacnik,L"]
[PlyCount "67"]
[EventDate "1989.01.??"]
[EventType "tourn"]
[EventRounds "15"]
[EventCountry "URS"]
[EventCategory "10"]
[SourceTitle "CBM 016"]
[Source "ChessBase"]
[SourceDate "1990.06.01"]
[SourceVersion "1"]
[SourceVersionDate "1990.06.01"]
[SourceQuality "1"]

1. d4 Nf6 2. c4 g6 3. Nc3 d5 4. cxd5 Nxd5 5. e4 Nxc3 6. bxc3 Bg7 7. Bc4 c5 8.
Ne2 O-O 9. O-O Nc6 10. Be3 Na5 11. Bd3 b6 12. Rc1 Bb7 13. d5 c4 14. Bc2 e6 15.
dxe6 fxe6 16. f4 {N} Qxd1 17. Rcxd1 Rfd8 18. e5 Bf8 (18... Nc6 19. Be4) 19. Nd4
Bc5 20. Kf2 Bxd4 (20... Kf7 21. Nb5 $1) 21. Bxd4 (21. cxd4 Nc6 22. g4 Ne7)
21... Nc6 22. g4 Nxd4 23. cxd4 b5 24. Ke3 b4 25. f5 gxf5 (25... Bd5 26. fxg6
hxg6 27. Rf6 $40) 26. gxf5 exf5 27. Rxf5 Bd5 28. Be4 b3 29. axb3 cxb3 30. Bxd5+
Rxd5 31. Rg1+ Kh8 32. Rf7 a5 (32... b2 33. Rb7 Rad8 34. Rg4) (32... Rad8 33. e6
Rxd4 34. e7 Rd3+ 35. Kf2 Rd2+ 36. Kf3 R2d3+ 37. Kg2 Rg8+ 38. Kh1 $18) 33. e6
Rdd8 34. Rgg7 {Ftacnik} 1-0

[Event "URS-chT Republics 19th Group1"]
[Site "Azov"]
[Date "1991.??.??"]
[Round "4"]
[White "Guseinov, Aidyn"]
[Black "Isaev, Jamshed"]
[Result "1-0"]
[WhiteElo "2375"]
[BlackElo "2380"]
[Annotator "Ftacnik,L"]
[PlyCount "51"]
[EventDate "1991.??.??"]
[EventType "team-tourn"]
[EventRounds "5"]
[EventCountry "URS"]
[SourceTitle "EXT 2020"]
[Source "ChessBase"]
[SourceDate "2019.10.17"]
[SourceVersion "1"]
[SourceVersionDate "2019.10.17"]
[SourceQuality "1"]
[WhiteTeam "Azerbaijan"]
[BlackTeam "Tadzhikistan"]
[WhiteTeamCountry "AZE"]
[BlackTeamCountry "TJK"]

1. d4 Nf6 2. c4 g6 3. Nc3 d5 4. cxd5 Nxd5 5. e4 Nxc3 6. bxc3 Bg7 7. Bc4 c5 8.
Ne2 O-O 9. Be3 Nc6 10. Rc1 cxd4 11. cxd4 Qa5+ 12. Kf1 Bd7 13. h4 h6 $6 {N} (
13... Rfc8) (13... Rfd8) 14. Nf4 Kh7 (14... e5 15. Nxg6 exd4 16. Bd2 $18) 15.
e5 Rad8 (15... e6 $16) 16. h5 g5 17. Ng6 $1 fxg6 (17... Rg8 18. Bxf7 $18) 18.
hxg6+ Kxg6 (18... Kh8 19. Bxg5 Nxe5 20. Bxh6 $18) 19. Qh5+ Kh7 (19... Kf5 20.
g4+ (20. f3 Nxe5) 20... Ke4 21. Qg6+ Bf5 22. gxf5 $18) 20. Qxg5 e6 (20... Rf5
21. Rxh6+ $1) 21. Rxh6+ Kg8 (21... Bxh6 22. Qxh6+ Kg8 23. Qg6+ Kh8 24. Ke2 $18)
22. Rxe6 $1 Bxe6 23. Bxe6+ Rf7 24. Qg6 Rdf8 (24... Rdd7 25. Bxd7 $18) 25. Bh6
Kh8 26. Bxg7+ {Ftacnik,L} (26. Bxg7+ Rxg7 27. Qh6+) 1-0

[Event "Dortmund op-A"]
[Site "Dortmund"]
[Date "1992.??.??"]
[Round "8"]
[White "Ftacnik, Lubomir"]
[Black "Krasenkow, Michal"]
[Result "1-0"]
[WhiteElo "2550"]
[BlackElo "2495"]
[Annotator "Ftacnik,L"]
[PlyCount "67"]
[EventDate "1992.04.??"]
[EventType "swiss"]
[EventRounds "11"]
[EventCountry "GER"]
[SourceTitle "CBM 029"]
[Source "ChessBase"]
[SourceDate "1992.08.01"]
[SourceVersion "1"]
[SourceVersionDate "1992.08.01"]
[SourceQuality "1"]

1. d4 {Kortschnoj} Nf6 2. c4 g6 3. Nc3 d5 4. cxd5 Nxd5 5. e4 Nxc3 6. bxc3 Bg7
7. Bc4 c5 8. Ne2 Nc6 9. Be3 O-O 10. Rc1 Na5 11. Bd3 e5 12. d5 b6 13. O-O $6 (
13. c4 f5 14. f3 $13) 13... f5 $1 {N} (13... Nb7 14. c4 Nd6 15. Ng3 Bd7 16. Qd2
f6 $10 {Kaidanov,G-Zilberstein,V/Blagoveshchensk/1988/}) 14. f3 (14. exf5 gxf5
15. c4 e4 16. Bb1 Ba6 $17) (14. c4 f4 (14... fxe4 15. Bxe4 Ba6 16. d6 $1 $132)
15. Bd2 f3 16. gxf3 (16. Ng3 fxg2 17. Re1 Nb7 $17) 16... Bh3 17. Re1 Rxf3 18.
Bxa5 Qh4 19. Ng3 Raf8 $1 $40) 14... f4 15. Bd2 (15. Bf2 $22 c4 16. Bc2 g5 17.
g4 fxg3 18. Nxg3 $132) 15... c4 16. Bc2 h5 $6 {xg6} (16... g5 17. g3 Bf6 18.
Kh1 Kh8 $15) 17. g3 g5 (17... fxg3 18. hxg3 h4 19. g4 $13) (17... Bh3 18. Rf2
g5 19. Kh1 $13) 18. Kh1 (18. h4 Bh3 19. Rf2 fxg3 20. Nxg3 gxh4 21. Nxh5 Rf7 $40
) 18... Kh8 (18... Bh3 19. Rg1 g4 20. Nxf4 $5 exf4 21. gxf4 $146) 19. Qe1 (19.
h4 $5 Bh3 20. Rg1 $132) 19... Qf6 (19... Bh3 20. Rf2 (20. Rg1 g4 $1) 20... Qf6
21. Ng1 Bd7 22. Rg2 Bh6 $15) 20. Qf2 (20. h4 $5 $13) 20... Bh3 (20... Bh6) 21.
Rg1 Rf7 $2 (21... fxg3 22. Nxg3 Qxf3+ 23. Qxf3 Rxf3 24. Bxg5 $13) (21... Bh6
22. gxf4 gxf4 23. Nd4 $5 exd4 24. cxd4 Rg8 25. e5 Qe7 26. d6 $13) 22. gxf4 gxf4
23. Nxf4 $1 exf4 24. e5 Qxe5 (24... Qd8 25. e6 Rf8 26. Rce1 Bf6 (26... Qxd5 27.
Be4 Qc5 28. e7 $18) 27. Rg6 $18) 25. Qh4 Bf5 (25... Qxd5 26. Be4 Qxd2 27. Qxh3
Rd8 28. Qxh5+ Kg8 29. Rc2 Qd6 30. Rcg2 $18) (25... Bd7 26. Rg5 Qe2 27. Qxh5+
Kg8 28. Rcg1 Qxd2 29. Rxg7+ Rxg7 30. Qh7+ $18) 26. Qxh5+ Kg8 27. Bxf5 Qxf5 (
27... Rxf5 28. Rxg7+ Kxg7 29. Rg1+ Kf8 (29... Kf6 30. Qh4+ $1 Kf7 31. Qh7+ Ke8
32. Re1 $18) 30. Qh6+ Ke7 31. Re1 (31. Rg7+ Ke8 32. Qg6+ Kd8 33. Rg8+ Kc7 34.
Rxa8 Qe2 35. Rxa7+ $18) 31... Qxe1+ 32. Bxe1 Rxd5 33. Bh4+ $18) 28. Rxg7+ Kxg7
29. Rg1+ Kf8 (29... Kf6 30. Qh4+ (30. Qh6+ $2 Ke7 $1 (30... Ke5 31. Bxf4+ $3
Qxf4 32. Qe6#)) 30... Ke5 31. Rg5 Kxd5 32. Qxf4 Raf8 33. Qe4+ Kd6 34. Rxf5 Rxf5
$16) 30. Qh8+ Ke7 31. Qxa8 Kd6 (31... Qd3 32. Qxa7+ Kf6 33. Qxb6+ $18) 32. Bc1
$1 Rb7 (32... Kc5 33. a4 $1) (32... Nb7 33. Ba3+ (33. Qe8 Qxd5 34. Bxf4+ $1
Rxf4 35. Qb8+ $18) 33... Kxd5 34. Qe8 $1 Nc5 35. Rd1+ Nd3 36. Qb5+ Ke6 37. Qc6+
Ke5 38. Qd6#) 33. Ba3+ Kxd5 34. Qe8 $1 {Ftacnik,L} (34. Qe8 Rd7 35. Rg5 $1 (35.
Rd1+ Kc6 36. Qc8+ $18) 35... Qxg5 36. Qe4#) 1-0

[Event "Linares 10th"]
[Site "Linares"]
[Date "1992.??.??"]
[Round "9"]
[White "Beliavsky, Alexander G"]
[Black "Kasparov, Garry"]
[Result "1/2-1/2"]
[WhiteElo "2620"]
[BlackElo "2780"]
[Annotator "Ftacnik,L"]
[PlyCount "57"]
[EventDate "1992.02.??"]
[EventType "tourn"]
[EventRounds "13"]
[EventCountry "ESP"]
[EventCategory "17"]
[SourceTitle "CBM 028"]
[Source "ChessBase"]
[SourceDate "1992.06.01"]
[SourceVersion "1"]
[SourceVersionDate "1992.06.01"]
[SourceQuality "1"]

1. d4 {Ernst} Nf6 2. c4 g6 3. Nc3 d5 4. cxd5 Nxd5 5. e4 Nxc3 6. bxc3 Bg7 7. Bc4
c5 8. Ne2 Nc6 9. Be3 O-O 10. O-O Bg4 11. f3 Na5 12. Bxf7+ Rxf7 13. fxg4 Rxf1+
14. Kxf1 Qd6 15. e5 Qd5 16. g5 $5 {N} (16. Bf2 Rf8 (16... Rd8 {Ernst} 17. Qc2
Qc4 18. Qb2 Bh6 19. h4 Qf7 $44 {Karpov - Kasparov, Amsterdam 1988}) 17. g5 Qf7
18. Qe1 Nc4 19. Ng3 Nb2 $1 20. Ne4 Nd3 21. Qe3 Nxf2 22. Nxf2 cxd4 23. cxd4 Qc4+
24. Kg1 Rd8 $10 {Kuzmin,A-Malishauskas,V/Podolsk GMA-qual/1989/}) 16... Qe4 17.
Bf2 Rf8 18. Ng1 (18. Kg1 Qf5 19. Be3 Qe4 $5) 18... Nc4 19. Nf3 (19. Qb3 Qd3+
20. Ne2 b5 $40) 19... Ne3+ 20. Bxe3 Qxe3 21. Qb3+ Kh8 22. Re1 (22. Qxb7 cxd4
23. cxd4 Qxd4 $10) 22... Qxg5 $6 (22... Qd3+ 23. Kg1 $14) (22... Rxf3+ 23. gxf3
Qxf3+ 24. Kg1 Qg4+ 25. Kf2 $13 (25. Kh1 {Ernst} Qf3+ $10)) 23. Qxb7 Qd2 24.
dxc5 $2 (24. Qb3 cxd4 25. cxd4 Qxd4) (24. Qxe7 Qxc3 25. Qh4 $1 (25. dxc5 Rxf3+
26. gxf3 Qxf3+ $10) (25. Qxc5 $2 {Ernst} Rxf3+ $1 $10) 25... cxd4 26. e6 $1 $16
) 24... Qxc3 25. Qd5 (25. c6 Rxf3+ 26. gxf3 Qxf3+ $10) 25... Bh6 26. c6 Bf4 27.
Re4 (27. Kg1 $2 Qxe1+ $1 28. Nxe1 Be3+ 29. Kh1 Rf1#) 27... Qc1+ (27... Bxh2 28.
Qc4 Qxc4+ 29. Rxc4 $22 Bxe5 30. c7 $18) 28. Re1 Qc3 29. Re4 {Ftacnik,L} 1/2-1/2